000 01294 a2200265 4500
003 OSt
005 20260303115505.0
008 260303b |||||||| |||| 00| 0 eng d
020 _a9789355212207 (hbk) (खण्ड 1)
020 _a978-93-5521-825-4 (hbk) (खण्ड 2)
020 _a978-93-5521-904-6 (hbk) (खण्ड 3)
037 _cREF
040 _cCRL
_aCRL
041 _2hin
_ahin
084 _aO152,1J32:g R5.1-.3 (RR)
_qCRL
245 _aतुलसी रचनावली
260 _aनयी दिल्ली, भारत:
_bप्रभात प्रकाशन,
_c2025.
300 _aखण्ड 1 (1-223पृ.), खण्ड 2 (1-461पृ.), खण्ड 3 (1-520पृ.)
365 _b2100.00
_cINR
650 _aहिन्दी कविता
650 _aहिन्दी साहित्य
700 _aतिवारी, रामजी
_eसम्पादक
942 _2CC
_cREF
_hO152,1J32:g R5.1-.3 (RR)
999 _c1464284
_d1464284